[Event "Mittelfrankenliga-B2b 0506"]
[Site "Germany"]
[Date "2006.01.29"]
[Round "5.6"]
[White "Pfeiffer, Georg"]
[Black "Frank, Werner1111"]
[Result "1-0"]
[WhiteElo "1911"]
[BlackElo "1839"]
[PlyCount "69"]
[EventDate "2005.10.16"]
[EventType "team"]
[EventRounds "9"]
[EventCountry "GER"]
[SourceTitle "EXT 2007"]
[Source "ChessBase"]
[SourceDate "2006.11.23"]
[SourceVersion "1"]
[SourceVersionDate "2006.11.23"]
[SourceQuality "1"]

1. e4 e5 2. Nf3 d6 3. d4 f5 4. dxe5 fxe4 5. Ng5 d5 6. Nc3 c6 7. Ncxe4 Bf5 8. Nd6+ Bxd6 9. exd6 Qxd6 10. Bd3 Bxd3 11. Qxd3 h6 12. Qe2+ Ne7 13. Ne6 Kd7 14. Nd4 g5 15. Qg4+ Ke8 16. 0-0 Nd7 17. Re1 Kd8 18. Re6 Qc7 19. Rxc6 Qxc6 20. Nxc6+ Nxc6 21. f4 Kc7 22. fxg5 hxg5 23. Qxg5 Rae8 24. Bf4+ Nce5 25. Re1 Rhg8 26. Bxe5+ Nxe5 27. Qf4 Kd6 28. Qb4+ Kc6 29. Qc3+ Kd6 30. Re3 Rg5 31. Qb4+ Ke6 32. Qxb7 Reg8 33. Qc6+ Kf7 34. Qxd5+ Kf6 35. Rxe5 1-0

[Event "Mittelfrankenliga-B2b 0506"]
[Site "Germany"]
[Date "2006.01.15"]
[Round "4.4"]
[White "Hoerath, Michael"]
[Black "Pfeiffer, Georg"]
[Result "1/2-1/2"]
[WhiteElo "1781"]
[BlackElo "1911"]
[PlyCount "37"]
[EventDate "2005.10.16"]
[EventType "team"]
[EventRounds "9"]
[EventCountry "GER"]
[SourceTitle "EXT 2007"]
[Source "ChessBase"]
[SourceDate "2006.11.23"]
[SourceVersion "1"]
[SourceVersionDate "2006.11.23"]
[SourceQuality "1"]

1. d4 Nf6 2. Nf3 d5 3. e3 g6 4. c4 Bg7 5. Nc3 0-0 6. Bd3 c6 7. 0-0 Nbd7 8. b3 e5 9. cxd5 cxd5 10. dxe5 Ng4 11. Bd2 Ndxe5 12. Be2 Nc6 13. Rc1 Be6 14. Na4 Qd6 15. Bc3 Rad8 16. h3 Nf6 17. Nc5 Bc8 18. Nd3 Ne4 19. Bxg7 1/2-1/2

[Event "Mittelfrankenliga-B2b 0506"]
[Site "Germany"]
[Date "2005.10.16"]
[Round "1.3"]
[White "Boese, Klaus"]
[Black "Pfeiffer, Georg"]
[Result "1-0"]
[WhiteElo "2020"]
[BlackElo "1911"]
[PlyCount "89"]
[EventDate "2005.10.16"]
[EventType "team"]
[EventRounds "9"]
[EventCountry "GER"]
[SourceTitle "EXT 2007"]
[Source "ChessBase"]
[SourceDate "2006.11.23"]
[SourceVersion "1"]
[SourceVersionDate "2006.11.23"]
[SourceQuality "1"]

1. d4 Nf6 2. Bf4 d5 3. e3 e6 4. Nf3 Be7 5. Bd3 Nbd7 6. Nbd2 c5 7. c3 b6 8. Qe2 Bb7 9. h3 0-0 10. 0-0 c4 11. Bc2 b5 12. a3 a5 13. Ne5 b4 14. axb4 axb4 15. e4 b3 16. Rxa8 Qxa8 17. Nxd7 Nxd7 18. Bb1 Nb6 19. e5 Na4 20. Nf3 Rc8 21. Nh2 Qa5 22. Qd2 Qd8 23. Be3 Nb6 24. f4 f5 25. exf6 Bxf6 26. Qe2 g6 27. Bc1 Qd6 28. Ng4 Bg7 29. Re1 Kf7 30. Qf2 Kg8 31. Qh4 Rf8 32. Qg5 Nd7 33. h4 Nf6 34. Nxf6+ Rxf6 35. h5 gxh5 36. Qxh5 Rh6 37. Qe8+ Qf8 38. Qxf8+ Kxf8 39. f5 Rf6 40. fxe6 Bc8 41. e7+ Ke8 42. Bxh7 Re6 43. Rxe6 Bxe6 44. Bg5 Kf7 45. Bg8+ 1-0

[Event "Regionalliga NO 0203"]
[Site "Bayern"]
[Date "2003.03.30"]
[Round "9.7"]
[White "Schwirzer, Christoph"]
[Black "Pfeiffer, Georg"]
[Result "1/2-1/2"]
[WhiteElo "1722"]
[BlackElo "1922"]
[PlyCount "45"]
[EventDate "2002.10.20"]
[EventType "team-tourn"]
[EventRounds "9"]
[EventCountry "GER"]
[SourceTitle "EXT 2004"]
[Source "ChessBase"]
[SourceDate "2003.11.25"]
[SourceVersion "1"]
[SourceVersionDate "2003.11.25"]
[SourceQuality "1"]
[WhiteTeam "Gunzenhausen"]
[BlackTeam "Postbauer Heng"]
[WhiteTeamCountry "GER"]
[BlackTeamCountry "GER"]

1. d4 Nf6 2. c4 e6 3. Nf3 d5 4. e3 Be7 5. Nc3 0-0 6. Bd3 dxc4 7. Bxc4 c5 8. 0-0 Nc6 9. dxc5 Bxc5 10. a3 a6 11. b4 Be7 12. Bb2 b5 13. Ba2 Bb7 14. Qe2 Qb6 15. Rfd1 Rfd8 16. h3 Rxd1+ 17. Rxd1 Rd8 18. Rd2 Rxd2 19. Qxd2 a5 20. bxa5 Qxa5 21. Nb1 Qxd2 22. Nbxd2 b4 23. axb4 1/2-1/2

[Event "Regionalliga NO 0001"]
[Site "Bayern"]
[Date "2000.10.15"]
[Round "1.7"]
[White "Pfeiffer, Georg"]
[Black "Gerl, Hans Peter"]
[Result "1-0"]
[WhiteElo "1980"]
[BlackElo "2015"]
[PlyCount "111"]
[EventDate "2000.10.15"]
[EventType "team-tourn"]
[EventRounds "9"]
[EventCountry "GER"]
[SourceTitle "EXT 2020"]
[Source "ChessBase"]
[SourceDate "2019.10.17"]
[SourceVersion "1"]
[SourceVersionDate "2019.10.17"]
[SourceQuality "1"]
[WhiteTeam "Postbauer"]
[BlackTeam "Zirndorf II"]
[WhiteTeamCountry "GER"]
[BlackTeamCountry "GER"]

1. e4 c5 2. c3 Nf6 3. e5 Nd5 4. d4 cxd4 5. Nf3 e6 6. cxd4 d6 7. Bc4 Nb6 8. Bb3 Be7 9. 0-0 d5 10. Nc3 Nc6 11. Qe2 Bd7 12. Rd1 a6 13. Bf4 Na5 14. Bc2 Rc8 15. Bd3 0-0 16. Ne1 Nbc4 17. Rac1 b5 18. b3 Nb6 19. Qh5 g6 20. Qh6 f5 21. Nf3 Rf7 22. Ne2 Nc6 23. Bb1 b4 24. Bg5 Na7 25. Bd3 Bb5 26. Bxb5 Nxb5 27. Bxe7 Rxe7 28. Qd2 a5 29. Qd3 Qe8 30. Rc5 Rxc5 31. dxc5 Na8 32. Nfd4 Nac7 33. c6 Qb8 34. Rc1 Qb6 35. Qe3 Rf7 36. Nxf5 Qxe3 37. Nxe3 d4 38. Ng4 d3 39. Nh6+ Kg7 40. Nxf7 dxe2 41. Ng5 Nc3 42. Re1 h6 43. Nf3 N7b5 44. Nd4 Kf7 45. Nxb5 Nxb5 46. Rxe2 Nc7 47. Rd2 Ke8 48. Rd7 Nd5 49. Rg7 Kd8 50. Rxg6 Nf4 51. Rxh6 Kc7 52. Rf6 Ne2+ 53. Kf1 Nd4 54. h4 Kxc6 55. h5 Kd5 56. f4 1-0

[Event "Regionalliga NO 9900"]
[Site "Bayern"]
[Date "2000.??.??"]
[Round "4.8"]
[White "Reichel, Norbert1111"]
[Black "Pfeiffer, Georg"]
[Result "1/2-1/2"]
[WhiteElo "1854"]
[BlackElo "1940"]
[PlyCount "27"]
[EventDate "1999.??.??"]
[EventType "team-tourn"]
[EventRounds "9"]
[EventCountry "GER"]
[SourceTitle "EXT 2020"]
[Source "ChessBase"]
[SourceDate "2019.10.17"]
[SourceVersion "1"]
[SourceVersionDate "2019.10.17"]
[SourceQuality "1"]
[WhiteTeam "Nuernberg Grundig SC"]
[BlackTeam "Postbauer"]
[WhiteTeamCountry "GER"]
[BlackTeamCountry "GER"]

1. e4 d5 2. e5 c5 3. d4 cxd4 4. Qxd4 Nc6 5. Bb5 e6 6. Bd2 Bd7 7. Bxc6 bxc6 8. b4 Qb6 9. Ne2 Rb8 10. Qxb6 Rxb6 11. a3 Nh6 12. 0-0 Rb7 13. Bxh6 gxh6 14. Nd2 1/2-1/2

[Event "Regionalliga NO 9900"]
[Site "Bayern"]
[Date "1999.??.??"]
[Round "2.7"]
[White "Hein, Manfred"]
[Black "Pfeiffer, Georg"]
[Result "1-0"]
[WhiteElo "1985"]
[BlackElo "1945"]
[PlyCount "113"]
[EventDate "1999.??.??"]
[EventType "team-tourn"]
[EventRounds "9"]
[EventCountry "GER"]
[SourceTitle "EXT 2020"]
[Source "ChessBase"]
[SourceDate "2019.10.17"]
[SourceVersion "1"]
[SourceVersionDate "2019.10.17"]
[SourceQuality "1"]
[WhiteTeam "Gunzenhausen"]
[BlackTeam "Postbauer"]
[WhiteTeamCountry "GER"]
[BlackTeamCountry "GER"]

1. e4 d5 2. exd5 Qxd5 3. Nc3 Qa5 4. Nf3 Nf6 5. h3 c6 6. Bc4 Bf5 7. d3 Nbd7 8. Bd2 Qc7 9. Qe2 e6 10. Nh4 Bg6 11. Nxg6 hxg6 12. Ne4 Nxe4 13. dxe4 Bd6 14. 0-0-0 Bf4 15. Be3 0-0-0 16. Qf3 Bxe3+ 17. Qxe3 Nb6 18. Bb3 Rxd1+ 19. Rxd1 Rd8 20. c3 Rxd1+ 21. Kxd1 a6 22. Ke2 Nd7 23. f4 Qa5 24. Qd4 Qb5+ 25. Ke1 Qc5 26. g4 Qxd4 27. cxd4 Nf6 28. Bc2 a5 29. Kd2 Kd8 30. Kd3 Ke7 31. Kc4 Nd7 32. b4 axb4 33. Kxb4 Kd6 34. Kc4 Nb6+ 35. Kd3 c5 36. Bb3 cxd4 37. Kxd4 Nd7 38. e5+ Kc6 39. Ba4+ b5 40. Bd1 Nc5 41. Bc2 Kb6 42. h4 Kc6 43. Bb1 Kb6 44. Bc2 Kc6 45. Bd1 Kb6 46. Bf3 Nd7 47. Be4 Nc5 48. Bb1 Kc6 49. f5 exf5 50. gxf5 gxf5 51. Bxf5 Ne6+ 52. Bxe6 fxe6 53. h5 Kb6 54. Ke4 Kc5 55. Kf4 Kd5 56. Kg5 Kxe5 57. Kg6 1-0

[Event "Regionalliga NO 9899"]
[Site "Bayern"]
[Date "1999.??.??"]
[Round "8.7"]
[White "Vennemann, Juergen"]
[Black "Pfeiffer, Georg"]
[Result "0-1"]
[WhiteElo "1905"]
[BlackElo "1955"]
[PlyCount "56"]
[EventDate "1998.??.??"]
[EventType "team-tourn"]
[EventRounds "9"]
[EventCountry "GER"]
[SourceTitle "EXT 2020"]
[Source "ChessBase"]
[SourceDate "2019.10.17"]
[SourceVersion "1"]
[SourceVersionDate "2019.10.17"]
[SourceQuality "1"]
[WhiteTeam "Altensittenbach"]
[BlackTeam "Postbauer"]
[WhiteTeamCountry "GER"]
[BlackTeamCountry "GER"]

1. d4 Nf6 2. c4 e6 3. Nc3 d5 4. cxd5 exd5 5. Bg5 Be7 6. e3 0-0 7. Bd3 c6 8. Qc2 Nbd7 9. Nf3 Re8 10. 0-0 h6 11. Bxf6 Nxf6 12. Rab1 Bd6 13. h3 Qe7 14. Nd2 Nh5 15. Rfe1 Bxh3 16. Bf1 Bg4 17. e4 Qh4 18. e5 Bc7 19. Re3 Bb6 20. g3 Qg5 21. Nb3 f5 22. f4 Nxf4 23. gxf4 Qxf4 24. Qf2 Qg5 25. Bg2 f4 26. Ree1 Re6 27. Nxd5 cxd5 28. Bxd5 Bf3+ 0-1

[Event "Regionalliga NO 9899"]
[Site "Bayern"]
[Date "1998.??.??"]
[Round "3.7"]
[White "Riedlberger, Veit"]
[Black "Pfeiffer, Georg"]
[Result "1/2-1/2"]
[WhiteElo "1940"]
[BlackElo "1955"]
[PlyCount "102"]
[EventDate "1998.??.??"]
[EventType "team-tourn"]
[EventRounds "9"]
[EventCountry "GER"]
[SourceTitle "EXT 2020"]
[Source "ChessBase"]
[SourceDate "2019.10.17"]
[SourceVersion "1"]
[SourceVersionDate "2019.10.17"]
[SourceQuality "1"]
[WhiteTeam "Forchheim II"]
[BlackTeam "Postbauer"]
[WhiteTeamCountry "GER"]
[BlackTeamCountry "GER"]

1. g3 d5 2. Nf3 Nf6 3. Bg2 g6 4. 0-0 Bg7 5. c4 c6 6. d3 0-0 7. Nc3 Bf5 8. Nh4 Be6 9. cxd5 Nxd5 10. Bd2 Nd7 11. Nf3 N7b6 12. a3 h6 13. h3 Qd7 14. Kh2 Rad8 15. Qc2 Qc7 16. Rac1 Nxc3 17. Bxc3 Bxc3 18. Qxc3 Qd6 19. b4 Nd5 20. Qb2 Nf6 21. Nd2 Qd4 22. Qc3 Qxc3 23. Rxc3 Bd5 24. Nb3 Bxb3 25. Rxb3 a6 26. Rc1 Nd5 27. a4 Nc7 28. Rc5 Rd6 29. e3 Rfd8 30. d4 Ne6 31. Rc2 Nc7 32. Bf1 Kf8 33. Rcb2 R6d7 34. Be2 e6 35. Kg2 Ke7 36. Kf3 Rb8 37. Rc2 Kd6 38. Rc5 Ke7 39. Kg2 Kd6 40. Rb1 Ke7 41. Bf1 Kd6 42. Rbc1 Rbd8 43. Be2 Rb8 44. Bf3 Ke7 45. Kf1 Rd6 46. Ke1 Rbd8 47. Be2 Rb8 48. Kd1 Rd7 49. Kc2 Rd6 50. Kb3 Rd7 51. Bf1 Rd6 1/2-1/2